Trade directory.
| Corporate Author: | |
|---|---|
| Format: | Book |
| Published: |
Kuala Lumpur:
MAICCI,
[1995].
|
| Subjects: |
| LEADER | 00461cam a2200157 7i4500 | ||
|---|---|---|---|
| 001 | 0000002757 | ||
| 005 | 19991025090000.0 | ||
| 002 | ##000004017 | ||
| 020 | 0 | 0 | |a T000003890 |
| 090 | 0 | 0 | |a REF 650.025 |b TRA |
| 245 | 0 | 0 | |a Trade directory. |
| 260 | 0 | 0 | |a Kuala Lumpur: |b MAICCI, |c [1995]. |
| 300 | 0 | 0 | |a 248p. |
| 650 | 0 | 0 | |a Business -- |x Directories |
| 710 | 2 | 1 | |a Malaysian Associated Indian Chamber of Commerce & Industry |
| 999 | |a 000004408 |b Book |c Open shelf |e Business Information Centre | ||